市名クロスワード ② - Statistics

General Stats
  • This quiz has been taken 1,099 times
  • The average score is 8 of 14
Answers on the Map
Answers color-coded by a green-red scale on the quiz's map according to % correct below.
 
Answer Stats
マス カギ Answer % Correct
ヨコ11 「忍者の里」として名高い 伊賀市
92%
ヨコ9 国立の体育大学がある 鹿屋市
73%
タテ9 旧国名を冠している 加賀市
68%
ヨコ5 街の名を冠した「JR○○線」はこの街を通らない 奈良市
65%
タテ10 生駒山地の一部を擁する 八尾市
64%
ヨコ7 主要河川の名を冠している 多摩市
60%
ヨコ2 冬獲れのブランド魚が有名 氷見市
56%
タテ3 新幹線停車駅 水俣市
54%
ヨコ6 住宅開発により人口増加が著しい 流山市
52%
ヨコ1 高速道路でありながら、信号機制御のJCTが存在する 戸田市
51%
タテ1 全国に先駆けてニュータウン開発が行われた 豊中市
47%
タテ4 中心地に温泉街が発達している 嬉野市
47%
ヨコ12 世界遺産がある 大田市
29%
タテ8 空港がある 益田市
28%
No matching quizzes found
Score Distribution
Percent of People with Each Score
Percentile by Number Answered
Your Score History
You have not taken this quiz